Ο ελληνισμός της διασποράς και η ελληνική παιδεία του : πρακτικά
Αποθηκεύτηκε σε:
| Συλλογικό Έργο: | , |
|---|---|
| Άλλοι συγγραφείς: | , |
| Μορφή: | Πρακτικό Συνεδρίου Βιβλίο |
| Γλώσσα: | Greek |
| Δημοσίευση: |
Αθήνα :
Ελληνικά Γράμματα,
1995.
|
| Θέματα: | |
| Ετικέτες: |
Προσθήκη ετικέτας
Δεν υπάρχουν, Καταχωρήστε ετικέτα πρώτοι!
|
MARC
| LEADER | 00000cam a2200000 i 4500 | ||
|---|---|---|---|
| 001 | 1/5753 | ||
| 008 | 000608s1995 gr | ||| |||| ||gre|| | ||
| 020 | |a 9603441082 | ||
| 035 | |l 10061696 | ||
| 040 | |a GR-MY-UA |b gre |e aacr | ||
| 041 | 0 | |a gre | |
| 082 | 7 | |a 371.82691 |2 (22) | |
| 111 | 2 | |a Διεθνές Παιδαγωγικό Συνέδριο |n (6o : |d 29-31 Οκτωβρίου 1993 : |c Φλώρινα, Ελλάδα) | |
| 245 | 1 | 2 | |a Ο ελληνισμός της διασποράς και η ελληνική παιδεία του : |b πρακτικά / |c Στ' Διεθνές Παιδαγωγικό Συνέδριο, Παιδαγωγική Εταιρεία Ελλάδος ; επιμέλεια: Κων. Π. Χάρης, Ν. Β. Πετρουλάκης. |
| 260 | |a Αθήνα : |b Ελληνικά Γράμματα, |c 1995. | ||
| 300 | |a 390 σ. ; |c 24 εκ. | ||
| 500 | |a Υπό την αιγίδα των υπουργείων Εθνικής Παιδείας και Θρησκευμάτων, Πολιτισμού και Επιστημών. | ||
| 650 | 0 | 0 | |a Children of immigrants |x Education |x Congresses. |
| 651 | 0 | |a Greece |x Emigration and immigration |x Congresses. | |
| 700 | 1 | |a Χάρης, Κώστας Π. |e edt | |
| 700 | 1 | |a Πετρουλάκης, Νικόλαος Β., |d 1921-2019, |e edt | |
| 710 | 2 | |a Παιδαγωγική Εταιρεία Ελλάδος. | |
| 852 | |a INST |b RHODES |e 20000612 |h 371.82691 ΔΙΕ |p 005400006501 |q 005400006501 |t BK |y 0 | ||
| 852 | |a INST |b RHODES |e 20000608 |h 371.82691 ΔΙΕ |p 005400015639 |q 005400015639 |t BK |y 0 | ||
| 901 | |a BIBL4-2000-2 | ||
| 909 | |a Ρ |b 051876 | ||
| 909 | |a Ρ |b 053586 | ||
| 922 | |a 4ΕΛΗ |b 199711 |c ΣΚΟΥΡΤΟΥ |d EMVASSIS | ||
| 970 | |a ΚΟΥΛΑΚΙΟΤΗ |b ΛΙΤΣΑ |z 2000/06/08 | ||